Central Library OPAC University of Rajshahi

The Indian Muslims : (Record no. 32633)

MARC details
000 -LEADER
fixed length control field 01448nam a2200289 a 4500
001 - CONTROL NUMBER
control field 32633
003 - CONTROL NUMBER IDENTIFIER
rucl marc code BD-RjUL
005 - DATE AND TIME OF LATEST TRANSACTION
control field 20211209051852.0
008 - FIXED-LENGTH DATA ELEMENTS--GENERAL INFORMATION
fixed length control field 140427s1980 ii b 001 0 eng d
035 ## - SYSTEM CONTROL NUMBER
System control number (BD-RjUL)32723
040 ## - CATALOGING SOURCE
Original cataloging agency DLC
Language of cataloging eng
Transcribing agency LC
Modifying agency BD-RjUL
041 ## - LANGUAGE CODE
Language code of text/sound track or separate title eng
082 04 - DEWEY DECIMAL CLASSIFICATION NUMBER
Edition number 19
Classification number 954.035
Author mark and year MUI V-3 1980
100 0# - MAIN ENTRY--PERSONAL NAME
Personal name Shan Muhammad.
9 (RLIN) 73059
245 14 - TITLE STATEMENT
Title The Indian Muslims :
Remainder of title a documentary record /
Statement of responsibility, etc. Shan Muhammad
Number of part/section of a work Volume III
260 ## - PUBLICATION, DISTRIBUTION, ETC. (IMPRINT)
Place of publication, distribution, etc. New Delhi :
Name of publisher, distributor, etc. Meenakshi Prakashan, Meerut,
Date of publication, distribution, etc. 1980.
300 ## - PHYSICAL DESCRIPTION
Pagination xi, 343 p. ;
Size 25 cm.
500 ## - GENERAL NOTE
General note Half title: The Indian Muslims : a documentary record, 1900-1947
General note Compilation of documents covering the period 1900-1947
General note Each volume has distinctive subtitle on half title page
504 ## - BIBLIOGRAPHY, ETC. NOTE
Bibliography, etc Includes bibliographical references and index.
505 ## - FORMATTED CONTENTS NOTE
Formatted contents note v. 1. Founding of the Muslim League -- v. 2. Separate electorate. -- v. 3. The Tripoli and Balkan war. -- v. 4. Mosque incident, Kanpur and communal harmony. -- v. 5. Interest in World War I. -- v. 6. Khilafat movement. -- v. 7. Khilafat movement (contd.). -- v. 8. The communal strife. -- v. 9. Nehru report and the Muslims. -- v. 10. Round table conference and after.
650 #0 - SUBJECT ADDED ENTRY--TOPICAL TERM
Geographic subdivision India
General subdivision Politics and government
-- Sources.
Chronological subdivision 1857-1919
9 (RLIN) 99269
Topical term or geographic name as entry element Muslims
General subdivision Political activity
Geographic subdivision India
Form subdivision Sources.
9 (RLIN) 99241
651 #0 - SUBJECT ADDED ENTRY--GEOGRAPHIC NAME
Geographic name India
General subdivision Politics and government
Chronological subdivision 1857-1919
Form subdivision Sources
9 (RLIN) 83255
942 ## - ADDED ENTRY ELEMENTS (KOHA)
Source of classification or shelving scheme Dewey Decimal Classification
Koha item type Books
Holdings
Lost status Source of classification or shelving scheme Damaged status Not for loan Collection code Permanent Location Current Location Shelving location Date acquired Source of acquisition Cost, normal purchase price Total Checkouts Full call number Date last seen Copy number Koha item type
  Dewey Decimal Classification     Non-fiction Central Library, University of Rajshahi Central Library, University of Rajshahi   05/12/1983 Tulip Enterprise, Dhaka. 187.50   954.035 MUI V-3 1980 27/04/2014 C-4 Books
  Dewey Decimal Classification     Non-fiction Central Library, University of Rajshahi Central Library, University of Rajshahi   05/12/1983 Tulip Enterprise, Dhaka. 187.50   954.035 MUI V-3 1980 28/04/2014 C-3 Books